000 00885nmm a2200253 a 4500
001 ocm000701907
003 TR-IsHL
005 20201028124339.0
008 130902s2004 tu tur
007 cr cn
035 _a701907
_b(N$T)
050 0 4 _aHF328.T9
_bB89 2004
090 0 4 _aHF328.T9
_bB89 2004
245 1 0 _aBüyüteç: İstanbul Ticaret Odası Etüt ve Araştırma Şubesi Bülteni
_h[electronic resource]
250 _a1. bs.
260 _aİstanbul :
_bİstanbul Ticaret Odası,
_c2004
300 _a14 p.
650 4 _aEkonomi ve Finans
650 4 _aEconomics and Finance
650 0 _aİstanbul Ticaret Odası
_x Tarihi
650 0 _aIstanbul Chamber of Commerce
_x History
650 7 _aBUSINESS & ECONOMICS / Corporate & Business History
_2bisacsh
856 4 0 _uhttp://search.ebscohost.com/login.aspx?direct=true&scope=site&db=e011xww&AN=701907
999 _c2901
_d2901